| 000 | 00664nam a22001937a 4500 | ||
|---|---|---|---|
| 005 | 20251108172654.0 | ||
| 008 | 250721s2002 xx 000 0 ara d | ||
| 082 | 1 | 4 | _a265.1/قضا |
| 100 | 1 |
_aالقضاة، علي عبد الله إبراهيم _eمؤلف |
|
| 245 | 1 | 0 |
_aحقوق الزوج : _bدراسة فقهية مقارنة بقانون الأحوال الشخصية الأردني / |
| 264 | 1 |
_aعجلون : _bالمؤلف، _c2002. |
|
| 300 | _a131ص. | ||
| 650 | 1 | 7 | _aالحقوق الأسرية |
| 650 | 1 | 7 | _aالإسلام |
| 650 | 1 | 7 | _aقانون الأحوال الشخصية |
| 650 | 1 | 7 | _aالأردن |
| 942 |
_2ddc _cBK |
||
| 999 |
_c85566 _d85566 |
||